00506nam a2200193 a 4500001001300000003000900013005001700022008004100039020001000080082001600090100002600106245004700132260004200179300000900221500003500230505001000265650001100275700002600286nice12345678IN_TiNIC20260116013443.0050524s1991 dela grp 000 0 eng  ac30000a297.4bNIZ2 aNizami, Khaleeq Ahmed aLife and Times of Shaikh Nizamuddin Awliya aDelhibIdara-I-Adabiyat-I-Dillic1991 a222p aincludes index and biblioraphy2 aIndex aSufism1 aNizami, Khaleeq Ahmed